00000000cam 2200000zi 4500
0019.963152
003CaOODSP
00520260528142842
006m     o  d f      
007cr |n|||||||||
008260528e202605##onca    ob   f|0| 0 eng d
040 |aCaOODSP|beng|erda|cCaOODSP
043 |an-cn---
0861 |aXC79-1/1-451-3E-PDF
1101 |aCanada. |bParliament. |bHouse of Commons. |bStanding Committee on Science and Research, |eauthor, |eissuing body.
24510|aAntimicrobial resistance / |cSalma Zahid, chair.
264 1|a[Ottawa] : |bHouse of Commons, Canada = Chambre des communes, Canada, |cMay 2026.
300 |a1 online resource (viii, 55 pages) : |billustrations.
336 |atext|btxt|2rdacontent
337 |acomputer|bc|2rdamedia
338 |aonline resource|bcr|2rdacarrier
4901 |aReport of the Standing Committee on Science and Research ; |v3rd report, 45th Parliament, 1st Session
500 |aIssued also in French under title: Résistance aux antimicrobiens.
504 |aIncludes bibliographical references.
650 0|aDrug resistance in microorganisms|zCanada.
650 0|aAnti-infective agents|zCanada.
7001 |aZahid, Salma.
77508|tRésistance aux antimicrobiens / |w(CaOODSP)9.963153
830#0|aReport of the Standing Committee on Science and Research ;|v3rd report, 45th Parliament, 1st Session.|w(CaOODSP)9.912114
85640|qPDF|s3.61 MB|uhttps://publications.gc.ca/collections/collection_2026/parl/xc79-1/XC79-1-1-451-3-eng.pdf
8564 |qHTML|sN/A|uhttps://www.ourcommons.ca/documentviewer/en/45-1/SRSR/report-3